| 000 | 00815nam a22002297a 4500 | ||
|---|---|---|---|
| 001 | 44116 | ||
| 003 | BD-RjUL | ||
| 005 | 20211209053813.0 | ||
| 008 | 160713s1947 ii ||||| |||| 00| 0 ben d | ||
| 020 | _c: IRs 0.80 | ||
| 035 | _a(BD-RjUL)44234 | ||
| 040 |
_aBD-RjUL _bben _cBD-RjUL |
||
| 041 | _aben | ||
| 082 |
_223 _a294.5 _bSEH 1947 |
||
| 100 |
_aসেন, ক্ষিতিমোহন _9117310 |
||
| 245 | 1 | 0 |
_aহিন্দু সংস্কৃতির স্বরূপ / _cক্ষিতিমোহন সেন |
| 260 |
_aকলিকাতা : _bবিশ্বভারতী, _c১৯৪৭ [১৩৫৪] |
||
| 300 |
_a৭০ পৃ. ; _c১৮ সেমি. |
||
| 650 |
_aহিন্দুত্ত্ববাদ _9135450 |
||
| 650 |
_aHinduism _9135451 |
||
| 942 |
_2ddc _cBK |
||
| 999 |
_c44116 _d44116 |
||